Statistics for Movies Based on a True Story #1

Click here to take the quiz!

General Stats

  • This quiz has been taken 25,500 times
    (13,483 since last reset)
  • The average score is 10 of 20

Answer Stats

YearDescriptionMovie% Correct
2017British soldiers must be evacuated from France in the opening days of WWIIDunkirk
84%
2010King George VI suffers from a stammerThe King's Speech
72%
2010Mark Zuckerberg creates Facebook, but makes a few enemies on the wayThe Social Network
70%
2013Free African-American is kidnapped and sold into slavery12 Years a Slave
62%
2013Merchant mariner is taken hostage by Somali piratesCaptain Phillips
60%
2009Family adopts a future NFL offensive linemanThe Blind Side
57%
2014Navy SEAL's battlefield shooting accuracy saves countless livesAmerican Sniper
54%
2012Fake film crew rescues Amercan diplomats in Iran in 1979Argo
53%
2009Nelson Mandela inspires the South African rugby teamInvictus
50%
2013Rodeo man smuggles drugs to his fellow AIDS patientsDallas Buyers Club
49%
2011Black maids and white employer have a complicated relationship in 1960s MississippiThe Help
48%
2010American outdoorsman is trapped under a boulder and must amputate his own arm127 Hours
47%
2011The 2002 Oakland Athletics build a roster of undervalued playersMoneyball
43%
2012Decade-long manhunt for Al Qaeda leader Osama bin LadenZero Dark Thirty
40%
2014Civil rights leader marches in campaign to secure equal voting rightsSelma
39%
2008German army officers plot to assasinate Adolf HitlerValkyrie
38%
2015Eccentric investor makes money by betting against the U.S. housing marketThe Big Short
37%
2016Oil rig workers in the Gulf of Mexico must deal with a massive blowout and fireDeepwater Horizon
27%
2014Olympian spends 47 days in a raft before being sent to a prisoner-of-war campUnbroken
24%
2011Dolphin gets fitted with prosthetic tailDolphin Tale
22%

Score Distribution

Percentile by Number Answered

Percent of People with Each Score

Your Score History

You have not taken this quiz since the last reset